000 01317nac a22003137a 4500
001 BR8102821
003 BR-BrBNA
005 20240105114954.0
008 230509b bl.|||m| |||| 00| 0 por d
040 _aBR-BrBNA
_bpor
_cBiblioteca Nacional de Agricultura
072 _aF30
090 _a3103 BR8102821
100 1 _aKageyama, P.Y.
100 1 _aJacob, W.S. (Escola Superior de Agricultura Luiz de Queiroz, Piracicaba, SP (Brazil). Depto. de Silvicultura)
110 1 _aInstituto de Pesquisas e Estudos Florestais, Piracicaba, SP (Brasil)
_96160
111 1 _a1. Encontro da IUFRO
_cCuritiba, PR (Brazil)
_d21 Oct 1979
245 1 _aVariacao genetica entre e dentro de populacoes de Araucaria angustifolia (Bert.)O. Ktze [Pinheiro-do-Parana; Brasil]
246 1 _a[Genetic variation between and within populations of Araucaria angustifolia (Bert.)O. Ktze [Parana pine; Brazil]]
260 3 _aPiracicaba, SP (Brasil):
_c1980.
300 _a8 p.
490 _aCircular Tecnica - Instituto de Pesquisas e Estudos Florestais (Brazil)
_vno. 115
_xISSN 0100-3453
500 _a5 ref.
650 _aMelhoramento genetico vegetal
650 _aPinheiro-do-Parana
650 _aTeste de progenie
650 _aGenetica vegetal
909 _a202312
_bLúcia Elande
_c55
_dLúcia Elande
942 _2AGRIS
_n0
_cMS
999 _c272332
_d272332